Representacin̤ y deliberacin̤ en la LVIII Legislatura

Detalles Bibliográficos
Autor principal: Gimate-Welsh, Adriǹ S.
Formato: eBook
Lenguaje:español
Publicado: Ciudad de Mx̌ico: Cm̀ara de Diputados, 2010
Materias:
Acceso en línea:Acceso restringido

MARC

LEADER 00000nam a22000007a 4500
005 2017112100350.0
007 cr|||| ||||
008 171121s2010 mx |||||s|||| 00||0 spa d
020 |a 978-607-401-276-7 
035 |a 20813 
040 |a vLex 
090 |c 7205  |d 7205 
100 1 |a Gimate-Welsh, Adriǹ S. 
245 1 0 |a Representacin̤ y deliberacin̤ en la LVIII Legislatura  |h [Recurso electrn̤ico] /  |c Adriǹ S. Gimate-Welsh 
256 |a Servicio en ln̕ea 
260 |a Ciudad de Mx̌ico:  |b Cm̀ara de Diputados,  |c 2010 
300 |a 1 recurso en ln̕ea (384p.) 
500 |a A props̤ito de la Ley de Derechos y Cultura Indg̕enas. 
506 1 |a Disponible solo en los productos indicados  |d vLex Global  |d vLex Global (Academic Edition, excluding Law Schools)  |d vLex Global (U.S. Academic Edition, Law Schools)  |d vLex Global (U.S. Academic Edition, excluding Law Schools)  |d vLex Global (Academic Edition, Law Schools) 
650 0 4 |a Derecho Constitucional  |z Mx̌ico 
650 0 4 |a Ciencias sociales  |z Mx̌ico 
740 0 |a vLex Libros (Servicio en ln̕ea) 
856 4 0 |u http://vlex.com/source/representacion-deliberacion-lviii-legislatura-20813  |z Acceso restringido 
942 |c BOOK 
999 0 |a Constitutional law 
999 0 |a Social sciences